000 00294nam a2200145Ia 4500
100 _aWilson/ Robin J
942 _cBK
654 _amathematics
245 _aIntro. to Graph Theory
260 _bLongman
_c2000
082 _a511.5
_bWIL
300 _a171
546 _aENGLISH
999 _c33429
_d33429